000 00934cam a22003014a 4500
999 _c8110
_d8110
001 12689023
003 GZU
005 20210517102337.0
008 020220s2002 enkab b 001 0 eng
010 _a 2002102602
020 _a0500203644
035 _a(DLC) 2002102602
040 _aDLC
_cDLC
042 _apcc
043 _af------
050 0 0 _aN7380
_b.W5 2002
100 1 _aWillett, Frank.
245 1 0 _aAfrican art /
_cFrank Willett.
250 _aNew ed.
260 _aLondon :
_bThames & Hudson,
_c2002.
300 _a272 p. :
_bill. (some col.), map ;
_c21 cm.
440 0 _aWorld of art
504 _aIncludes bibliographical references (p. 262-267) and index.
650 0 _aArt, African.
906 _a7
_bcbc
_corignew
_d2
_eepcn
_f20
_gy-gencatlg
942 _2lcc
_cBK
_h7380
_iWIL
_kN
_m2002